Los Tormentos de la materia: aportes para una ecología política latinoamericana /

El autor ubica, desde una punto de vista teórico - práctico, el campo de acción de la ecología política como una nueva disciplina la cual se constituye en una lucha por la desnaturalización de la naturaleza: de las condiciones "naturales" de existencia, de los desastres "naturales&quo...

Descrizione completa

Salvato in:
Dettagli Bibliografici
Autore principale: Alimonda, Héctor
Altri autori: comp
Natura: testo
Pubblicazione: Buenos Aires: CLACSO
Soggetti:
Tags: Aggiungi Tag
Nessun Tag, puoi essere il primo ad aggiungerne!!

MARC

LEADER 00000 a a2200000 04500
001 33476
003
040
020 |a 987-1183-37-2  
090 |a 1001 A411t  
100 |a Alimonda, Héctor  
245 |a Los Tormentos de la materia: aportes para una ecología política latinoamericana /  |c Héctor Alimonda 
260 |a Buenos Aires:   |b CLACSO  
300 |a 274 p.  
520 |a El autor ubica, desde una punto de vista teórico - práctico, el campo de acción de la ecología política como una nueva disciplina la cual se constituye en una lucha por la desnaturalización de la naturaleza: de las condiciones "naturales" de existencia, de los desastres "naturales", de la ecologización de las relaciones sociales. No se trata tan solo de adoptar una perspectiva constructivista de la naturaleza, sino política, donde las relaciones entre los seres humanos, y entre estos con la naturaleza, se construye a través de relaciones de poder (en el saber en la producción, en la apropiación de la naturaleza) y de los procesos de "normalización" de las ideas, discursos, comportamientos y políticas  
650 |a ECOLOGIA  
650 |a POLITICA  
650 |a EPISTEMOLOGIA  
650 |a TEORIA  
650 |a AMERICA LATINA  
700 |a comp.  
999 |c 6373  |d 6373